| 000 | 02215nam a22001577a 4500 | ||
|---|---|---|---|
| 041 | _aukr | ||
| 080 | _a09 | ||
| 090 | _bСЕМ | ||
| 100 | _aСеменишин О.М. | ||
| 245 | _aРеалізація комунікативної інтенції компліментарних висловлювань в англійській та французькій мовах | ||
| 260 |
_aОстрог _bКАФ _c2009 |
||
| 300 | _a90 | ||
| 520 |
_aВСТУП
РОЗДІЛ 1 КАТЕГОРІЯ МОВЛЕННЄВОГО ЕТИКЕТУ В АСПЕКТІ МІЖКУЛЬТУРНОЇ КОМУНІКАЦІЇ.
1.1 Сутність та проблеми міжкультурної комунікації.
1.2 Структурні та функціональні аспекти мовленнєвого етикету.
1.3 Мовленнєвий акт компліменту як складова мовленнєвого етикету.
РОЗДІЛ 2 РЕАЛІЗАЦІЯ КОМУНІКАТИВНОЇ ІНТЕНЦІЇ КОМПЛІМЕНТАРНИХ ВИСЛОВЛЮВАНЬ В АНГЛІЙСЬКІЙ МОВІ
2.1 Соціокультурна специфіка вживання компліменту в англійській та французькій комунікативних культурах.
2.2 Лексичні та стилістичні особливості компліментарних висловлювань в англійській та французькій мовах.
2.3 Прагматичний аспект компліменту в англійській та французькій мовах.
2.3.1 Іллокутивний потенціал компліментарних висловлювань в англійській та французькій мовах.
2.3.2 Комплімент як перлокутивний акт.
2.3.3 Комплімент як соціальна дія.
2.4 Відповідь на комплімент як показник успішності мовленнєвого акту компліменту.
ВИСНОВКИ _0мовленнєвий етикет,комунікативна інтенція, |
||
| 650 | _aResearch Papers | ||
| 999 |
_c284167 _d284167 |
||
| 942 | _cBK | ||